Polarografía
Guardat en:
| Autors principals: | , |
|---|---|
| Format: | Llibre |
| Idioma: | espanyol |
| Publicat: |
Washington, D.C
Secretaría General de la Organización de los Estados Americanos
1974
|
| Col·lecció: | Serie de Química. Monografía, 13
|
| Matèries: | |
| Etiquetes: |
Afegir etiqueta
Sense etiquetes, Sigues el primer a etiquetar aquest registre!
|
MARC
| LEADER | 00000nam a2200000 a 4500 | ||
|---|---|---|---|
| 001 | UCT3989 | ||
| 003 | CL-VaPUC | ||
| 008 | 961105e19740000US |||||||||||||||||spa|d | ||
| 082 | 0 | 4 | |a 543.087 |b ARV |2 21 |
| 100 | 0 | |a Arvía, Alejandro Jorge |e author |9 373082 | |
| 700 | 0 | |a Bolzán, Jorge Alfredo |e author |9 373083 | |
| 245 | 1 | 0 | |a Polarografía |
| 300 | |a 83 p | ||
| 942 | |c BK | ||
| 945 | |d 19961105 00:00:00 |a lriquelm | ||
| 260 | |a Washington, D.C |b Secretaría General de la Organización de los Estados Americanos |c 1974 | ||
| 650 | 7 | |a POLAROGRAFIA |2 CL-VaPUC |9 360131 | |
| 650 | 0 | |a Química analítica |9 259648 | |
| 650 | 0 | |a Electroquímica |9 263973 | |
| 650 | 0 | |a Química física |9 260596 | |
| 583 | |a last modification |c 20130123 01:04:27 |k Rodrigo Vera | ||
| 490 | 0 | |a Serie de Química. Monografía, 13 | |
| 999 | |c 253473 |d 253471 | ||
| 952 | |0 0 |1 0 |4 0 |6 543_087000000000000_ARV_1974 |7 0 |8 A |9 274343 |a BIBCUR |b BIBCUR |d 2019-11-19 |i 1782754 |o 543.087 ARV 1974 |p 1782754 |r 2025-04-22 |w 2019-11-19 |y BK |k QUI | ||
| 952 | |0 0 |1 0 |4 0 |6 543_087000000000000_ARV_1974 |7 0 |8 A |9 274344 |a BIBCUR |b BIBCUR |d 2019-11-19 |i 1782762 |o 543.087 ARV 1974 |p 1782762 |r 2025-04-22 |w 2019-11-19 |y BK |k QUI | ||